00418nam a2200145Ia 4500003000400000005001700004008004100021040000900062082001800071100002300089245010100112260003800213300000900251650001200260OSt20200626152635.0190216s9999||||xx |||||||||||||| ||und|| coclc a954.83bNAD/S aNadar, G Krishnan  0aSocio Economic Background Of the Military History Of Travencore Kerala India /cG Krishnan Nadar bN S Printers,aTrivandrum:c1993. a246p aHistory